Revista general de administración civil
ISBN:
1576-6608
Descripción Física:
1 volum : periodicitat setmanal ; 24 cm
Idioma:
Español
MARC
| LEADER | 00000nas a2200000 a 4500 | ||
|---|---|---|---|
| 001 | 14388 | ||
| 003 | AGDB | ||
| 005 | 20260324175735.0 | ||
| 008 | 221107d18751878sp wr|p| |||| 00| a0spa c | ||
| 020 | |a 1576-6608 | ||
| 040 | |a agdb | ||
| 245 | 0 | 0 | |a Revista general de administración civil |
| 260 | |a Madrid : |b Revista General de Administración Civil, |c 1875-1878 | ||
| 300 | |a 1 volum : |b periodicitat setmanal ; |c 24 cm | ||
| 310 | |a Setmanal | ||
| 362 | |a Año 1, tomo 1, número 1 (1 agosto 1875)- | ||
| 590 | |a Descripció basada en: Año 2, tomo 2, no. 2 (1 enero 1876). | ||
| 590 | |a Setmanal. | ||
| 590 | |a Índex. | ||
| 590 | |a Notes, referències bibliogràfiques. | ||
| 590 | |a Inclou jurisprudència | ||
| 650 | 0 | |a Administració pública |x Espanya |x Revistes |9 39666 |2 Arxiu | |
| 655 | 0 | |9 55823 |a Revistes | |
| 866 | |a Any 2, 1876 (2, núm. 1-23) | ||
| 901 | |a Arxiu | ||
| 942 | |n 1 |2 udc |c REV | ||
| 952 | |0 0 |1 0 |4 0 |6 REV477 |7 1 |9 49147 |a Arxiu |b Arxiu |d 2016-12-01 |h Año 2, tomo 2, núm. 1 (1 de enero de 1876) - Año 2, tomo 2, núm. 23 (16 junio 1876) |o Rev-477 |p 14388 |r 2016-12-01 00:00:00 |w 2016-12-01 |y ARXIU | ||
| 999 | |c 52986 |d 52986 | ||